000 00445nab a2200145Ia 4500
003 ES-SlBCS
005 20210601125231.0
008 140529s1973 xxu||||| |||| 00| 0 eng d
041 _aeng
100 1 _aLang, Berel
_9133001
245 0 0 _aWhat is Art?: Questions (and Answers) About the Question
_c Berel Lang
650 0 4 _aArte
_91831
773 0 _tPhilosophy and Phenomenological Research
_gvol. 33, 1973, págs. 524-530
_wRev1411
942 _cAR
999 _c526968
_d526968